000 00587cam a22002053a 4500
001 40379
003 PGUSA
005 20140828083913.0
008 120731s2012||||xxu|||||s|||||000 | eng d
040 _aPGUSA
_beng
042 _adc
100 1 _aGarrett, Erwin Clarkson
245 1 0 _aTrench Ballads and Other Verses
_h[electronic resource] /
_cErwin Clarkson Garrett
260 _bProject Gutenberg,
_c2012
506 _aPublic domain in the USA.
516 _aElectronic text
830 0 _aProject Gutenberg
_v40379
856 4 0 _uhttp://www.gutenberg.org/ebooks/40379
942 _cEB
999 _c269632
_d269632